Diego Hidalgo (Record no. 80244)

MARC details
000 -LEADER
campo de control de longitud fija 00642nam a2200205 i 4500
001 - NÚMERO DE CONTROL
campo de control 80244
003 - IDENTIFICADOR DE NÚMERO DE CONTROL
campo de control ES-MaACL
005 - FECHA Y HORA DE LA ÚLTIMA TRANSACCIÓN
campo de control 20250728192014.0
007 - CAMPO FIJO DE DESCRIPCIÓN FÍSICA--INFORMACIÓN GENERAL
campo de control de longitud fija t|
008 - DATOS DE LONGITUD FIJA--INFORMACIÓN GENERAL
campo de control de longitud fija 041027s1986 sp ||||1| spa d
020 ## - NÚMERO INTERNACIONAL ESTÁNDAR DEL LIBRO
Número Internacional Estándar del Libro 84-206-9541-6
245 00 - MENCIÓN DEL TÍTULO
Título Diego Hidalgo
Resto del título : memoria de un tiempo difícil /
Mención de responsabilidad, etc. Elsa López... [et al.].
260 ## - PUBLICACIÓN, DISTRIBUCIÓN, ETC.
Lugar de publicación, distribución, etc. Madrid :
Nombre del editor, distribuidor, etc. Alianza,
Fecha de publicación, distribución, etc. 1986.
300 ## - DESCRIPCIÓN FÍSICA
Extensión 284, [34] p., [32] p. de lám. ;
Dimensiones 23 cm.
500 ## - NOTA GENERAL
Nota general Apéndice documental: [34] p.
600 14 - PUNTO DE ACCESO ADICIONAL DE MATERIA--NOMBRE DE PERSONA
Nombre de persona Hidalgo, Diego,
Fechas asociadas al nombre 1886-1961
9 (RLIN) 63566
700 1# - ENTRADA AGREGADA--NOMBRE PERSONAL
Nombre de persona López, Elsa,
Fechas asociadas al nombre 1943-
9 (RLIN) 73324
852 ## - LOCALIZACIÓN
Ubicación ES-MaACL
Número de control de estantería G-5300
Sublocalización o colección R.114294
Holdings
Estatus retirado Estado de pérdida Estado de daño No para préstamo Biblioteca de origen Biblioteca actual Ubicación en estantería Fecha de adquisición Fuente de adquisición Total de préstamos Signatura topográfica completa Código de barras Visto por última vez Precio de reemplazo Tipo de ítem Koha
        Biblioteca del Ateneo de Madrid Biblioteca del Ateneo de Madrid Depósito 2 17/01/2008     G-5300 1083899 23/02/2023 23/02/2023 Libro impreso